| Tag |
First Indicator |
Second Indicator |
Subfields |
| LEADER |
00000cam a22000008a 4500 |
| 001 |
in00000078966 |
| 005 |
20151008055154.0 |
| 008 |
810810s1982 vaua b 00110 eng |
| 010 |
|
|
|a 81013819
|
| 020 |
|
|
|z 0835920751 :
|c $19.95
|
| 035 |
|
|
|a (OCoLC)07797051
|
| 035 |
|
|
|9 AAJ2749AM
|
| 039 |
0 |
|
|a 2
|b 3
|c 3
|d 3
|e 3
|
| 040 |
|
|
|a DLC
|c DLC
|d TXA
|d UtOrBLW
|
| 049 |
|
|
|a TXAM
|c [1672723]
|
| 050 |
0 |
0 |
|a TJ840
|b .S882 1982
|
| 082 |
0 |
|
|a 620.1/06
|2 19
|
| 100 |
1 |
|
|a Sullivan, James A.,
|d 1937-
|
| 245 |
1 |
0 |
|a Fluid power :
|b theory and applications /
|c James A. Sullivan.
|
| 250 |
|
|
|a 2nd ed.
|
| 263 |
|
|
|a 8110
|
| 264 |
|
1 |
|a Reston, Va. :
|b Reston Pub. Co.,
|c [1982]
|
| 264 |
|
4 |
|c ©1982
|
| 300 |
|
|
|a x, 438 pages :
|b illustrations ;
|c 24 cm.
|
| 336 |
|
|
|a text
|b txt
|2 rdacontent
|
| 337 |
|
|
|a unmediated
|b n
|2 rdamedia
|
| 338 |
|
|
|a volume
|b nc
|2 rdacarrier
|
| 504 |
|
|
|a Includes bibliographical references and index.
|
| 650 |
|
0 |
|a Fluid power technology.
|
| 999 |
|
|
|a MARS
|
| 999 |
f |
f |
|s 1cbecf2a-a6e4-3704-b96e-5451a24bb370
|i b9752faa-bef7-39b6-9fda-4dee863b7652
|t 0
|
| 952 |
f |
f |
|p ric
|a Texas A&M University
|b Rellis Campus
|c Joint Library Facility
|d Remote Storage
|t 0
|e TJ840 .S882 1982
|h Library of Congress classification
|i unmediated -- volume
|m A14806249895
|
| 998 |
f |
f |
|a TJ840 .S882 1982
|t 0
|l Remote Storage
|